[Event "Detroit (MOR/6/96)"]
[Site "?"]
[Date "1992.??.??"]
[Round "?"]
[White "Wright, Ken"]
[Black "Piasecki, Vince"]
[Result "1-0"]
[WhiteElo "1605"]
[BlackElo "1605"]
[PlyCount "87"]
[EventDate "1992.??.??"]

{6/(96)} 1. f4 Nc6 2. e3 d5 3. Nf3 Bg4 4. c3 Nf6 5. Be2 e6 6. Bb5 Bd6 7. h3 Bh5
8. g4 Bg6 9. d3 a6 10. Bxc6+ bxc6 11. Rg1 O-O 12. h4 h6 13. Qe2 Nd7 14. h5 Bh7
15. g5 hxg5 16. Nxg5 Qf6 17. Nd2 Be7 18. Ndf3 Qf5 19. e4 dxe4 20. dxe4 Qb5 21.
Qg2 Qc4 22. Nd2 Qd3 23. Nxh7 Bh4+ 24. Kd1 Qg3 25. Qf1 Qe1+ 26. Qxe1 Bxe1 27.
Kxe1 Kxh7 28. Nf3 f6 29. Be3 Rad8 30. Rd1 Rfe8 31. Rg2 Re7 32. Nh4 Kh6 33. Ke2
Kxh5 34. Rh1 g5 35. Nf5+ Kg6 36. Nxe7+ Kf7 37. Rh7+ Ke8 38. Nxc6 Rc8 39. Rh8+
Nf8 40. Bc5 Kf7 41. fxg5 Re8 42. gxf6 Nd7 43. Rh7+ Kxf6 44. Rxd7 1-0

[Event "Lansing (Apr)"]
[Site "?"]
[Date "1992.??.??"]
[Round "?"]
[White "Wright, Ken"]
[Black "LaGuire, D."]
[Result "1/2-1/2"]
[WhiteElo "1605"]
[BlackElo "1605"]
[PlyCount "116"]
[EventDate "1992.??.??"]

1. f4 g6 2. Nf3 d6 3. e4 Bg7 4. Bc4 Bg4 5. h3 Bxf3 6. Qxf3 e6 7. O-O Ne7 8. Nc3
c6 9. b4 b5 10. Bxb5 cxb5 11. e5 Qb6+ 12. Kh1 Nbc6 13. exd6 Bxc3 14. Qxc3 Nd4
15. dxe7 Kxe7 16. Qc5+ Qd6 17. Qxd6+ Kxd6 18. Bb2 Nxc2 19. Be5+ Kd5 20. Rac1
Rhc8 21. Rf3 Nxb4 22. Rxc8 Rxc8 23. a3 Rc1+ 24. Kh2 Nc6 25. Rd3+ Ke4 26. Re3+
Kd5 27. Rd3+ Kc5 28. Rd7 Nxe5 29. fxe5 Rd1 30. Rxf7 Rxd2 31. Rxh7 Re2 32. Rg7
Rxe5 33. Rxg6 a5 34. h4 Re3 35. h5 Re5 36. h6 Rh5+ 37. Kg3 e5 38. Kg4 Rh1 39.
Kf5 Kd5 40. Kf6 e4 41. Kg7 e3 42. Rg5+ Kd4 43. Rg4+ Kd3 44. h7 e2 45. Rg3+ Kc2
46. Rh3 e1=Q 47. h8=Q Qe5+ 48. Kh7 Rxh3+ 49. gxh3 Qf5+ 50. Kg7 Qe5+ 51. Kh7
Qe4+ 52. Kg7 Qg2+ 53. Kf6 Qf3+ 54. Kg5 Qg3+ 55. Kf5 Qd3+ 56. Kg4 Qg6+ 57. Kf4
Qd6+ 58. Qe5 Qh6+ 1/2-1/2

[Event "Detroit (Pan Am/1)"]
[Site "?"]
[Date "1992.??.??"]
[Round "?"]
[White "Wright, Ken"]
[Black "Golonka, Stan"]
[Result "0-1"]
[WhiteElo "1605"]
[BlackElo "1980"]
[PlyCount "72"]
[EventDate "1992.??.??"]

1. Nf3 c5 2. c4 Nc6 3. Nc3 g6 4. g3 Bg7 5. Bg2 e5 6. O-O Nge7 7. e3 O-O 8. d3
d5 9. cxd5 Nxd5 10. Ne4 b6 11. Nfd2 Be6 12. h4 h6 13. a3 Rc8 14. Nc4 f5 15.
Ned6 Rc7 16. Nb5 Rd7 17. Qc2 Nde7 18. Rd1 a6 19. Nc3 b5 20. Nd2 Rxd3 21. Nf3
Rxd1+ 22. Nxd1 e4 23. Ne1 Na5 24. Nc3 Bb3 25. Qe2 Bc4 26. Qc2 Nb3 27. Rb1 Nc6
28. Ne2 Qd6 29. Nf4 Ne5 30. Bf1 Bf7 31. Kg2 Rd8 32. Be2 c4 33. h5 g5 34. Nh3
Nd3 35. f4 Nxe1+ 36. Kf2 Nxc2 0-1

[Event "Lansing (Aug)"]
[Site "?"]
[Date "1992.??.??"]
[Round "?"]
[White "Wright, Ken"]
[Black "Gaiefsky, S."]
[Result "1-0"]
[WhiteElo "1605"]
[BlackElo "1605"]
[PlyCount "89"]
[EventDate "1992.??.??"]

1. f4 d5 2. e3 g6 3. c3 Bg7 4. Nf3 Bg4 5. b3 Nf6 6. Bb2 O-O 7. Be2 Nbd7 8. Qc2
Bf5 9. d3 Ng4 10. Qd2 c6 11. h3 Nh6 12. Ng5 f6 13. Nf3 e5 14. fxe5 fxe5 15. O-O
e4 16. Nd4 Qh4 17. Nxf5 Nxf5 18. Ba3 c5 19. d4 Ng3 20. Re1 Nxe2+ 21. Rxe2 Rf7
22. dxc5 Raf8 23. Qxd5 Ne5 24. c6 Rd8 25. Bd6 bxc6 26. Qe6 Nd3 27. Nd2 Bxc3 28.
Rf1 Rdd7 29. Qe8+ Kg7 30. Bf8+ Kg8 31. Be7+ Kg7 32. Qxf7+ Kh6 33. Qf8+ Bg7 34.
Bxh4 Bxf8 35. Rxf8 Ne5 36. Nxe4 Rd1+ 37. Kh2 Nd3 38. Rd2 Rxd2 39. Nxd2 Ne5 40.
g4 Nd7 41. Rf7 Ne5 42. Rb7 a5 43. Kg3 Nd3 44. Ne4 Ne5 45. g5+ 1-0

[Event "Ann Arbor (HVA/2/18)"]
[Site "?"]
[Date "1992.??.??"]
[Round "?"]
[White "Wright, Ken"]
[Black "Ejsmont, M."]
[Result "1-0"]
[WhiteElo "1605"]
[BlackElo "1605"]
[PlyCount "39"]
[EventDate "1992.??.??"]

{2/(18)} 1. d4 d5 2. Nf3 Nf6 3. Nc3 e6 4. Bf4 Bd6 5. Bg5 Nbd7 6. e4 h6 7. Bxf6
Nxf6 8. e5 Ne4 9. exd6 Nxc3 10. bxc3 Qxd6 11. Bb5+ Bd7 12. Bxd7+ Kxd7 13. Ne5+
Ke7 14. Qg4 g5 15. O-O Rhg8 16. Qh5 Rg6 17. Nxg6+ fxg6 18. Qxg6 Kd7 19. Qg7+
Kc6 20. Qxh6 1-0

[Event "East Lansing (MI Am/2)"]
[Site "?"]
[Date "1992.??.??"]
[Round "?"]
[White "Wright, Ken"]
[Black "Caron, L."]
[Result "1-0"]
[WhiteElo "1605"]
[BlackElo "1605"]
[PlyCount "85"]
[EventDate "1992.??.??"]

1. e4 c5 2. Nf3 Nc6 3. Bc4 Nf6 4. Ng5 d5 5. exd5 Nxd5 6. Nc3 e6 7. Nxd5 exd5 8.
Nxf7 Kxf7 9. Qh5+ Ke6 10. Bb5 Kd6 11. O-O Qe7 12. Bxc6 Kxc6 13. d3 g6 14. Qf3
Bg7 15. c4 Qd7 16. Rb1 b6 17. b4 Bb7 18. b5+ Kc7 19. Bf4+ Kc8 20. Qg3 d4 21.
Qg5 Rf8 22. Rbe1 Bf6 23. Qh6 Qg7 24. Qh3+ Kd8 25. Bh6 Bc8 26. Bxg7 Bxh3 27.
Bxf8 Bf5 28. Rd1 Kd7 29. Bh6 Re8 30. Bf4 Be5 31. Bg3 Bxg3 32. fxg3 Bg4 33. Rde1
Be2 34. Rf7+ Kd8 35. Rxh7 Bxd3 36. Rxe8+ Kxe8 37. Rxa7 Bxc4 38. Kf2 d3 39. Ke3
Bxb5 40. Rb7 c4 41. Rxb6 c3 42. Rxb5 c2 43. Kd2 1-0

[Event "Detroit (MOR/4/101)"]
[Site "?"]
[Date "1992.??.??"]
[Round "?"]
[White "Wright, Ken"]
[Black "Caron, L."]
[Result "1-0"]
[WhiteElo "1605"]
[BlackElo "1605"]
[PlyCount "63"]
[EventDate "1992.??.??"]

{4/(101)} 1. f4 d5 2. e3 Bf5 3. Nf3 e6 4. d3 Bb4+ 5. c3 Ba5 6. Nbd2 c5 7. Be2
Nc6 8. Qb3 Rb8 9. Ng5 Nh6 10. h3 O-O 11. Bh5 g6 12. Be2 a6 13. g4 f6 14. Ngf3
Nxg4 15. hxg4 Bxg4 16. Nh4 Bxe2 17. Kxe2 Ne7 18. Ndf3 b5 19. Bd2 c4 20. Qc2 Bc7
21. Nd4 Qd7 22. Rag1 e5 23. fxe5 fxe5 24. Ndf3 Nf5 25. Nxg6 hxg6 26. Rxg6+ Ng7
27. Rhg1 Rf7 28. Ng5 Re7 29. Kd1 a5 30. Rh6 Nf5 31. Nh7+ Rg7 32. Nf6+ 1-0

[Event "Detroit (Pan Am/3)"]
[Site "?"]
[Date "1992.??.??"]
[Round "?"]
[White "Wright, Ken"]
[Black "Calton, David A"]
[Result "0-1"]
[WhiteElo "1605"]
[BlackElo "1785"]
[PlyCount "98"]
[EventDate "1992.??.??"]

1. f4 b6 2. Nf3 Bb7 3. e3 d5 4. Nc3 Nf6 5. Bd3 c5 6. b3 e6 7. Bb2 Bd6 8. h3 Nc6
9. Bb5 a6 10. Bxc6+ Bxc6 11. Ne2 O-O 12. Ng3 b5 13. O-O c4 14. Be5 Bxe5 15.
fxe5 Nd7 16. d4 a5 17. Nh2 b4 18. Qg4 Qe7 19. Nh5 f5 20. Qg3 Bb5 21. Rf2 Rf7
22. Nf3 h6 23. Nf4 Nf8 24. Nh4 a4 25. bxa4 Bxa4 26. Rff1 Bxc2 27. Nh5 Qg5 28.
Qxg5 hxg5 29. Nf3 b3 30. axb3 Rxa1 31. Rxa1 cxb3 32. Nd2 b2 33. Re1 Rb7 34. Nb1
Nd7 35. Ng3 Nb6 36. Ne2 Na4 37. Kf2 Kh7 38. g3 Kh6 39. g4 g6 40. Kg3 Rb5 41.
Kf2 f4 42. exf4 gxf4 43. h4 f3 44. g5+ Kh7 45. Nf4 Bxb1 46. Nxe6 Bf5 47. Nc5
Nxc5 48. dxc5 b1=Q 49. Rxb1 Rxb1 0-1

[Event "Jackson (Prison m)"]
[Site "?"]
[Date "1992.??.??"]
[Round "?"]
[White "Wright, Ken"]
[Black "C, W."]
[Result "1-0"]
[WhiteElo "1605"]
[BlackElo "1605"]
[PlyCount "49"]
[EventDate "1992.??.??"]

1. e4 e5 2. Nc3 Bc5 3. d3 d6 4. Be2 Nf6 5. Bd2 O-O 6. a3 Nc6 7. Nf3 h6 8. Be3
Bxe3 9. fxe3 d5 10. O-O d4 11. exd4 Nxd4 12. Nxe5 b5 13. Kh1 Bb7 14. Rc1 Qd6
15. Ng4 Nh5 16. Nxh6+ gxh6 17. Bxh5 Kh8 18. Rxf7 Rxf7 19. Bxf7 Bc8 20. Qh5 Qf4
21. Rg1 Be6 22. Bxe6 Nxe6 23. Nd5 Qg5 24. Qxg5 Nxg5 25. Nxc7 1-0

[Event "East Lansing (MI Am/4)"]
[Site "?"]
[Date "1992.??.??"]
[Round "?"]
[White "Wright, Ken"]
[Black "Boyle, John"]
[Result "1-0"]
[WhiteElo "1605"]
[BlackElo "1605"]
[PlyCount "125"]
[EventDate "1992.??.??"]

1. f4 d5 2. Nf3 Nf6 3. e3 Bf5 4. d3 e6 5. b3 c5 6. Be2 Bd6 7. Bb2 O-O 8. h3 d4
9. e4 Bg6 10. e5 Qa5+ 11. Nbd2 Bxe5 12. Nxe5 Nd5 13. Nec4 Qb4 14. a3 Qb5 15. a4
Qb4 16. Ba3 Qc3 17. O-O Nd7 18. Bb2 Qb4 19. Ra2 h6 20. Ba3 Qc3 21. Nb1 Ne3 22.
Qc1 Nxc4 23. Nxc3 Nxa3 24. Ne4 Nxc2 25. Rxc2 b6 26. Bf3 Rab8 27. Qd2 Rfd8 28.
h4 f5 29. Ng3 Kf8 30. Qe2 Ke7 31. Re1 Nf8 32. Qe5 Kf7 33. Bh5 Rbc8 34. Bxg6+
Kxg6 35. Qe2 Kf6 36. Qf3 Rd5 37. Rce2 Re8 38. Qh5 Re7 39. Re5 Rd6 40. Qf3 Kf7
41. Nxf5 Rdd7 42. Nxe7 Rxe7 43. f5 Ke8 44. f6 gxf6 45. Qxf6 Nh7 46. Qxh6 Nf8
47. Rf1 Nd7 48. Qh8+ Nf8 49. Qxf8+ Kd7 50. h5 Kd6 51. Rfe1 Kd7 52. h6 Re8 53.
Qf6 Re7 54. Rxe6 Rxe6 55. Qxe6+ Kc7 56. h7 c4 57. bxc4 b5 58. Qe7+ Kb6 59. c5+
Kc6 60. Qd6+ Kb7 61. Re7+ Ka8 62. Qc7 bxa4 63. Qb7# 1-0

[Event "Lansing (Apr)"]
[Site "?"]
[Date "1992.??.??"]
[Round "?"]
[White "Wright, Ken"]
[Black "Anderson, D."]
[Result "1-0"]
[WhiteElo "1605"]
[BlackElo "1605"]
[PlyCount "69"]
[EventDate "1992.??.??"]

1. f4 d5 2. Nf3 Nc6 3. e3 a6 4. Be2 Nf6 5. b3 e6 6. Bb2 Bd6 7. O-O O-O 8. d4 b5
9. h3 Bb7 10. a4 Ne7 11. Nbd2 Nf5 12. Kf2 c5 13. Bd3 Ne7 14. Qe1 Qb6 15. Ng5 c4
16. Be2 Rac8 17. Bc3 Nf5 18. b4 Rfe8 19. Bf3 Qc7 20. Bd1 Bxf4 21. exf4 Qxf4+
22. Kg1 Qxg5 23. Nf3 Qe3+ 24. Rf2 Qxe1+ 25. Bxe1 Nd7 26. c3 f6 27. Bd2 e5 28.
Nh2 Nd6 29. Bg4 Rcd8 30. Be3 Ne4 31. Rc2 Rf8 32. Rf1 Bc8 33. Be6+ Kh8 34. Bxd5
Nd6 35. Be6 1-0

[Event "Flint (Class DE/1)"]
[Site "?"]
[Date "1992.??.??"]
[Round "?"]
[White "Worthey Sr., R."]
[Black "Tsuji, J."]
[Result "1-0"]
[WhiteElo "1605"]
[BlackElo "1605"]
[PlyCount "57"]
[EventDate "1992.??.??"]

1. e4 c6 2. Nf3 d5 3. exd5 cxd5 4. d4 Nf6 5. Bd3 Bg4 6. h3 Bxf3 7. Qxf3 e6 8.
O-O Bd6 9. Bg5 Nbd7 10. Re1 O-O 11. Nd2 h6 12. Bf4 Qc7 13. Bxh6 gxh6 14. c4
dxc4 15. Nxc4 Kh8 16. Ne5 Be7 17. Ng4 Nxg4 18. Qxg4 Nf6 19. Qh4 h5 20. Qg5 Nh7
21. Qh6 f5 22. Rxe6 Qd7 23. Rae1 Rae8 24. Qxh5 Bf6 25. Rxe8 Rxe8 26. Rxe8+ Kg7
27. Bxf5 Qxe8 28. Qxe8 Ng5 29. Qg6+ 1-0

[Event "Flint (Class DE/2)"]
[Site "?"]
[Date "1992.??.??"]
[Round "?"]
[White "Worthey Sr., R."]
[Black "Smith, Lester"]
[Result "0-1"]
[WhiteElo "1605"]
[BlackElo "1605"]
[PlyCount "54"]
[EventDate "1992.??.??"]

1. e4 e5 2. Nf3 Nc6 3. Bb5 Bc5 4. c3 Nf6 5. O-O d6 6. d4 Nxe4 7. dxc5 Nxc5 8.
Re1 O-O 9. Bg5 Ne7 10. Na3 Bg4 11. b4 Ne6 12. Nc4 Nxg5 13. Ncxe5 Nxf3+ 14. Nxf3
Ng6 15. Qd4 Bxf3 16. gxf3 Qg5+ 17. Kh1 Qxb5 18. Rg1 Qf5 19. Rg3 Rfe8 20. Rag1
Re2 21. a4 Rae8 22. Qxa7 Re1 23. Qxb7 h6 24. a5 d5 25. a6 Rxg1+ 26. Kxg1 Re1+
27. Kg2 Nf4# 0-1

[Event "Flint (Class DE/5)"]
[Site "?"]
[Date "1992.??.??"]
[Round "?"]
[White "Worthey Sr., R."]
[Black "Jubinski, J."]
[Result "0-1"]
[WhiteElo "1605"]
[BlackElo "1605"]
[PlyCount "76"]
[EventDate "1992.??.??"]

1. d4 e6 2. Nf3 d5 3. c4 Nf6 4. Nc3 Bb4 5. Bg5 h6 6. Bf4 Ne4 7. Rc1 Nc6 8. e3
f6 9. Bd3 g5 10. Nxg5 hxg5 11. cxd5 Bxc3+ 12. bxc3 Qxd5 13. Bxc7 b6 14. Qg4 f5
15. Qf3 Qd7 16. Bg3 Nxg3 17. fxg3 Qd5 18. e4 Qa5 19. O-O g4 20. Qf4 Ba6 21.
Bxa6 Qxa6 22. exf5 Rf8 23. Qxg4 exf5 24. Qh5+ Kd7 25. Qg6 Qxa2 26. Rxf5 Ne7 27.
Qh7 Rxf5 28. Re1 Qf7 29. Rxe7+ Kxe7 30. Qxf7+ Rxf7 31. h4 Rg8 32. Kh2 Rfg7 33.
h5 Rh8 34. g4 Rxg4 35. Kh3 Re4 36. g4 Kf6 37. d5 Kg5 38. d6 Rxg4 0-1

[Event "Flint (Beg/1)"]
[Site "?"]
[Date "1992.??.??"]
[Round "?"]
[White "Worthey Jr., R."]
[Black "Miller, J."]
[Result "0-1"]
[WhiteElo "1605"]
[BlackElo "1605"]
[PlyCount "70"]
[EventDate "1992.??.??"]

1. d4 d5 2. e3 e6 3. Nc3 c5 4. Nf3 Nc6 5. Be2 Nf6 6. O-O Bd6 7. Ng5 h6 8. Nh3
e5 9. dxc5 Bxc5 10. Bf3 Bxh3 11. gxh3 e4 12. Bg2 Qd6 13. Nb5 Qe5 14. Bd2 d4 15.
exd4 Nxd4 16. c4 Rd8 17. f4 exf3 18. Bxf3 Nxf3+ 19. Kg2 Rxd2+ 20. Kxf3 Rxd1 21.
Raxd1 O-O 22. Rfe1 Qxh2 23. Nc3 Qxb2 24. Na4 Qa3+ 25. Kf4 Qxa4 26. Kf5 Qxc4 27.
Re5 b6 28. Rde1 Qd3+ 29. Kf4 Bd6 30. R1e3 Bxe5+ 31. Rxe5 Qxh3 32. a4 Re8 33.
Re1 Rxe1 34. a5 Qe3+ 35. Kf5 Rf1# 0-1

[Event "Flint (Beg/4)"]
[Site "?"]
[Date "1992.??.??"]
[Round "?"]
[White "Worthey Jr., R."]
[Black "Choate, Eric"]
[Result "1-0"]
[WhiteElo "1605"]
[BlackElo "1605"]
[PlyCount "55"]
[EventDate "1992.??.??"]

1. d4 e5 2. dxe5 Nc6 3. e3 Nh6 4. Nf3 Bb4+ 5. Nc3 d5 6. Qxd5 Qe7 7. Bb5 Bd7 8.
O-O O-O 9. e4 Be6 10. Qd3 Rad8 11. Nd5 Ng4 12. Nxe7+ Nxe7 13. Nd4 Nxe5 14. Qe3
Ng4 15. Qf4 h5 16. Nxe6 Rd4 17. Nxf8 Rd8 18. Bd3 Rxf8 19. h3 Ng6 20. Qxc7 Nh4
21. hxg4 hxg4 22. Qh2 Be7 23. e5 f6 24. g3 g5 25. gxh4 gxh4 26. Qxh4 Re8 27.
Qh7+ Kf8 28. Bh6# 1-0

[Event "Flint (Class B/2)"]
[Site "?"]
[Date "1992.??.??"]
[Round "?"]
[White "Woolery, Bob"]
[Black "Smith, Robert"]
[Result "1-0"]
[WhiteElo "1645"]
[BlackElo "1755"]
[PlyCount "117"]
[EventDate "1992.??.??"]

1. g3 Nf6 2. Bg2 d5 3. Nf3 e6 4. d3 Nbd7 5. c3 b6 6. Qc2 Bb7 7. b4 Bd6 8. Nbd2
O-O 9. O-O c5 10. a3 Rc8 11. Qb1 Qe7 12. Re1 cxb4 13. cxb4 Rc7 14. Bb2 a5 15.
bxa5 bxa5 16. Nb3 Ra8 17. Nbd4 Bc5 18. Nb5 Rc6 19. d4 Bb6 20. a4 Ne4 21. e3
Rac8 22. Ba3 Qd8 23. Ne5 Nxe5 24. dxe5 Nd2 25. Qd1 Nc4 26. Bd6 Bc5 27. Bxc5
Rxc5 28. f4 Qb6 29. Qd4 Ba6 30. Rab1 Bxb5 31. Rxb5 Rxb5 32. axb5 Qxb5 33. e4
Qb4 34. Rc1 dxe4 35. Bxe4 Qc5 36. Qxc5 Rxc5 37. Bd3 h6 38. Rxc4 Rxc4 39. Bxc4
Kf8 40. Kf2 Ke7 41. Ke3 a4 42. Kd4 Kd8 43. Kc5 Kc7 44. Kb4 Kb6 45. Ba2 a3 46.
Kxa3 Kc5 47. Ka4 Kd4 48. Kb5 Ke3 49. Kc6 Kf2 50. Kd7 Kg2 51. Ke7 Kxh2 52. Kxf7
Kxg3 53. Kxe6 Kxf4 54. Kd6 g5 55. e6 g4 56. e7 g3 57. Bd5 h5 58. e8=Q h4 59.
Qh5 1-0

[Event "Flint (Class B/5)"]
[Site "?"]
[Date "1992.??.??"]
[Round "?"]
[White "Woolery, Bob"]
[Black "Moceri, Paul"]
[Result "0-1"]
[WhiteElo "1645"]
[BlackElo "1690"]
[PlyCount "80"]
[EventDate "1992.??.??"]

1. g3 e5 2. Bg2 d5 3. d3 Nf6 4. c3 h6 5. Nd2 Bc5 6. Ngf3 Bd6 7. Qc2 Be6 8. O-O
Qd7 9. Re1 Nc6 10. e4 dxe4 11. Nxe4 Nxe4 12. dxe4 O-O-O 13. Be3 Kb8 14. b4 f6
15. Red1 Qe8 16. a4 g5 17. a5 h5 18. b5 Ne7 19. b6 cxb6 20. axb6 a6 21. c4 Bb4
22. Rxd8+ Qxd8 23. c5 a5 24. Nd2 h4 25. Nc4 Bxc4 26. Qxc4 hxg3 27. hxg3 Nc6 28.
Qd5 Qe7 29. Rd1 Rd8 30. Qb3 Rxd1+ 31. Qxd1 Bxc5 32. Bxc5 Qxc5 33. Qb3 Qd6 34.
Bh3 Qd8 35. Kg2 Nd4 36. Qb2 Qe8 37. Qa2 Nc6 38. Be6 Qd8 39. Qb2 Nb4 40. Qc3
Qxb6 0-1

[Event "Flint (Class B/3)"]
[Site "?"]
[Date "1992.??.??"]
[Round "?"]
[White "Woolery, Bob"]
[Black "Jointer, William"]
[Result "1/2-1/2"]
[WhiteElo "1645"]
[BlackElo "1700"]
[PlyCount "155"]
[EventDate "1992.??.??"]

1. g3 Nf6 2. Bg2 d5 3. Nf3 Nc6 4. d3 e5 5. c3 Bc5 6. Nbd2 Qe7 7. Qc2 O-O 8. O-O
Bf5 9. Nh4 Be6 10. e4 d4 11. Nb3 Bb6 12. Nf3 Rad8 13. Nfd2 a5 14. Nc4 a4 15.
Nbd2 a3 16. Nxb6 cxb6 17. Nc4 dxc3 18. bxc3 b5 19. Nxa3 b4 20. Nc4 b5 21. Ne3
Qc5 22. Bb2 Rc8 23. cxb4 Qxb4 24. Qb1 Rfd8 25. Rd1 Qd6 26. Nf5 Qd7 27. Nh4 Nd4
28. Bxd4 Qxd4 29. Qxb5 Rc2 30. Rf1 Ng4 31. Nf3 Qc3 32. Qb1 Rc8 33. h3 Nf6 34.
a4 Nd7 35. Qd1 Rb8 36. Ne1 Rd2 37. Qc1 Qa5 38. Ra3 h6 39. Qc3 Qxc3 40. Rxc3
Rbb2 41. Nf3 Re2 42. d4 Rxe4 43. Nxe5 Rxd4 44. Nxd7 Rxd7 45. Rc8+ Kh7 46. Be4+
g6 47. g4 Rdd2 48. Rc7 Ra2 49. Ra7 Bc4 50. Rc1 Bb3 51. Rcc7 Rxf2 52. h4 Rfd2
53. Rc1 Rxa4 54. Rxa4 Bxa4 55. Rc7 Bb3 56. h5 Rd4 57. Bxg6+ Kg8 58. Bf5 Be6 59.
Rc6 Bxf5 60. gxf5 Rg4+ 61. Kf2 Rf4+ 62. Kg3 Rxf5 63. Rxh6 Kg7 64. Rd6 Rxh5 65.
Kg4 Re5 66. Kf4 f6 67. Rd7+ Kg6 68. Rd8 Ra5 69. Rg8+ Kf7 70. Rh8 Ke7 71. Rh7+
Ke6 72. Rh8 Ra4+ 73. Kf3 Kf5 74. Rg8 Ra3+ 75. Kf2 Kf4 76. Rf8 Ra2+ 77. Kf1 f5
78. Ke1 1/2-1/2

[Event "Detroit (MI Action/6)"]
[Site "?"]
[Date "1992.??.??"]
[Round "?"]
[White "Woods, O."]
[Black "Gilbert, J."]
[Result "0-1"]
[WhiteElo "1605"]
[BlackElo "1605"]
[PlyCount "82"]
[EventDate "1992.??.??"]

1. e4 e5 2. Nf3 Nc6 3. Nc3 Bb4 4. Bb5 Bxc3 5. Bxc6 dxc6 6. dxc3 Qxd1+ 7. Kxd1
Nf6 8. Nxe5 Nxe4 9. f3 Nf2+ 10. Ke1 Nxh1 11. Bg5 f6 12. Bf4 fxe5 13. Bxe5 Bf5
14. Bxg7 Rg8 15. Kf1 Rxg7 16. Re1+ Re7 17. Rd1 Rd8 18. Rxd8+ Kxd8 19. g4 Bxc2
20. Kg1 Re1+ 21. Kg2 Bd1 22. f4 Bxg4 23. h3 Be6 24. Kf3 Bc4 25. Kg4 Nf2+ 26.
Kg3 Ne4+ 27. Kg4 Be6+ 28. f5 Nf6+ 29. Kg5 Re5 30. Kxf6 Re2 31. fxe6 Rxb2 32.
e7+ Ke8 33. Ke6 Rh2 34. c4 b5 35. c5 Rxh3 36. Kf6 h5 37. a4 bxa4 38. Ke6 a3 39.
Ke5 a2 40. Kd4 a1=Q+ 41. Kc4 Qc3# 0-1

[Event "East Lansing (MI Am/2)"]
[Site "?"]
[Date "1992.??.??"]
[Round "?"]
[White "Woods, I."]
[Black "Vaughn, Gerald"]
[Result "0-1"]
[WhiteElo "1605"]
[BlackElo "1605"]
[PlyCount "70"]
[EventDate "1992.??.??"]

1. c4 Nf6 2. Nc3 e6 3. Nf3 Bb4 4. g3 Bxc3 5. bxc3 b6 6. Bg2 Bb7 7. O-O O-O 8.
d4 Ne4 9. Qd3 f5 10. Ba3 Rf6 11. c5 Nc6 12. Bb2 bxc5 13. dxc5 Nxc5 14. Qb5 d6
15. c4 a6 16. Qxb7 Nxb7 17. Bxf6 Qxf6 18. Rab1 Rb8 19. Ne1 Nca5 20. Nd3 e5 21.
c5 e4 22. c6 Nxc6 23. Nf4 g5 24. Nd5 Qf7 25. Rfd1 Nca5 26. f3 c6 27. Nb6 Qxa2
28. Nd7 Rd8 29. Nf6+ Kf7 30. Nxh7 Kg6 31. Nxg5 Kxg5 32. f4+ Kf6 33. Rb6 Qxe2
34. Rf1 Qe3+ 35. Kh1 Qxb6 0-1

[Event "Lansing (Aug)"]
[Site "?"]
[Date "1992.??.??"]
[Round "?"]
[White "Woods, I."]
[Black "Spencer, Gordon"]
[Result "0-1"]
[WhiteElo "1605"]
[BlackElo "1605"]
[PlyCount "86"]
[EventDate "1992.??.??"]

1. c4 Nf6 2. Nc3 g6 3. e4 d6 4. Nf3 Bg4 5. d4 e5 6. d5 Bg7 7. Be2 O-O 8. O-O
Nbd7 9. a4 Rc8 10. b4 c6 11. Be3 b6 12. b5 cxd5 13. exd5 Bxf3 14. gxf3 Qe7 15.
Qd2 Nh5 16. f4 Nxf4 17. Bxf4 exf4 18. Qxf4 Bxc3 19. Rac1 Be5 20. Qe3 Rfe8 21.
Rfe1 Qf6 22. Qh3 Re7 23. Bg4 Rd8 24. Rcd1 h5 25. Bf3 Rde8 26. Bg2 Bxh2+ 27. Kf1
Be5 28. Re2 Bc3 29. Rxe7 Rxe7 30. Qf3 Nc5 31. Qxf6 Bxf6 32. Rd2 Nxa4 33. f4 Nb2
34. Rc2 Rc7 35. Re2 Kf8 36. Be4 Rxc4 37. f5 g5 38. Kg2 Rc5 39. Kg3 Rxb5 40. Bf3
Rb3 41. Kg2 h4 42. Re4 a5 43. Re1 Nd3 0-1

[Event "Detroit (MI Action/5)"]
[Site "?"]
[Date "1992.??.??"]
[Round "?"]
[White "Woods, I."]
[Black "Mailing, Don"]
[Result "1-0"]
[WhiteElo "1605"]
[BlackElo "1610"]
[PlyCount "87"]
[EventDate "1992.??.??"]

1. c4 e5 2. Nc3 Nf6 3. g3 Nc6 4. Nf3 b6 5. Bg2 Bb7 6. O-O Bb4 7. a3 Bd6 8. e3
O-O 9. b4 a5 10. b5 Ne7 11. Na4 Re8 12. Qc2 Ng6 13. c5 bxc5 14. Nxc5 Bxc5 15.
Qxc5 d6 16. Qc3 Nd5 17. Qc4 Nb6 18. Qc3 Qf6 19. Qxc7 Bxf3 20. Bxf3 Qxf3 21.
Qxb6 Qf6 22. Rb1 Reb8 23. Qc7 e4 24. b6 Qd8 25. Qxd8+ Rxd8 26. b7 Rab8 27. d4
Rd7 28. Bd2 a4 29. Rfc1 Rdxb7 30. Rxb7 Rxb7 31. Rc8+ Nf8 32. Ra8 h6 33. Rxa4
Nd7 34. Rc4 d5 35. Rb4 Ra7 36. Bc1 Kh7 37. Rb5 Rc7 38. Bb2 Rc6 39. Rxd5 Nb6 40.
Rc5 Rxc5 41. dxc5 Nc4 42. a4 Nxb2 43. a5 Na4 44. c6 1-0

[Event "East Lansing (MI Am/5)"]
[Site "?"]
[Date "1992.??.??"]
[Round "?"]
[White "Woods, I."]
[Black "Kohler, J."]
[Result "1-0"]
[WhiteElo "1605"]
[BlackElo "1605"]
[PlyCount "55"]
[EventDate "1992.??.??"]

1. c4 e5 2. Nf3 Nc6 3. Nc3 Nf6 4. d4 exd4 5. Nxd4 Bd6 6. e4 Qe7 7. Qe2 Nxd4 8.
Qd3 Bc5 9. Be3 Qe5 10. f4 Qe6 11. Bxd4 Bxd4 12. Qxd4 Nxe4 13. Nxe4 f5 14. Qxg7
Qxe4+ 15. Be2 Rf8 16. O-O d5 17. cxd5 Qxd5 18. Rad1 Qxa2 19. Qxh7 Be6 20. Qh6
Rg8 21. Qh5+ Bf7 22. Qxf5 Be6 23. Qe5 Ke7 24. Qxc7+ Kf6 25. Qe5+ Kf7 26. f5 Bc4
27. Rd7+ Kf8 28. Qe7# 1-0

[Event "Detroit (MI Action/1)"]
[Site "?"]
[Date "1992.??.??"]
[Round "?"]
[White "Woods, I."]
[Black "Koger, Melvin"]
[Result "0-1"]
[WhiteElo "1605"]
[BlackElo "1815"]
[PlyCount "82"]
[EventDate "1992.??.??"]

1. c4 Nf6 2. Nc3 e6 3. g3 d5 4. cxd5 exd5 5. d4 Be7 6. Nf3 c6 7. Bg2 O-O 8. O-O
Bf5 9. Nd2 Re8 10. Re1 Bd6 11. e4 dxe4 12. Ndxe4 Nxe4 13. Bxe4 Bxe4 14. Rxe4
Na6 15. Qd2 Bb4 16. Rg4 Nc7 17. Qg5 Qxg5 18. Rxg5 Rad8 19. Be3 Ne6 20. Rg4 f5
21. Rh4 Be7 22. Rh5 g6 23. Rh6 Nxd4 24. Bxd4 Rxd4 25. Ne2 Rd2 26. Nf4 Bf8 27.
Nd5 cxd5 28. Rh4 Rxb2 29. Rd4 Ree2 30. Rf1 Red2 31. Rxd2 Rxd2 32. Rb1 Bc5 33.
Rxb7 Rxf2 34. Rb5 Rc2+ 35. Kf1 d4 36. Rb8+ Kg7 37. Rb7+ Kh6 38. Rb3 Rxh2 39.
Kg1 Rxa2 40. g4 fxg4 41. Rg3 d3+ 0-1

[Event "Detroit (MI Action/6)"]
[Site "?"]
[Date "1992.??.??"]
[Round "?"]
[White "Woods, I."]
[Black "Keck, K."]
[Result "0-1"]
[WhiteElo "1605"]
[BlackElo "1605"]
[PlyCount "100"]
[EventDate "1992.??.??"]

1. c4 e5 2. Nc3 b6 3. g3 Bb7 4. Nf3 Nf6 5. d3 Bb4 6. a3 Bxc3+ 7. bxc3 e4 8.
dxe4 Nxe4 9. Be3 O-O 10. Bg2 Qf6 11. Qc2 Qxc3+ 12. Qxc3 Nxc3 13. O-O Nxe2+ 14.
Kh1 d5 15. cxd5 Bxd5 16. Rfe1 Nc3 17. Rac1 Nb5 18. Red1 c6 19. a4 Nc7 20. Bf4
Ne6 21. Bxb8 Raxb8 22. Ne5 Bxg2+ 23. Kxg2 c5 24. Nd7 Rbc8 25. Nxf8 Kxf8 26. Rd7
a6 27. Ra7 a5 28. Rd1 Rd8 29. Rxd8+ Nxd8 30. Ra6 Ne6 31. Rxb6 Ke7 32. Rc6 Kd7
33. Rb6 Kc7 34. Rb1 Kc6 35. Rc1 Kd5 36. Rb1 Kd4 37. Kf1 Kd3 38. Ke1 Kc2 39. Rb7
c4 40. Rxf7 c3 41. Re7 Nc5 42. Re2+ Kb3 43. Kd1 Nxa4 44. Kc1 Nb2 45. Kb1 a4 46.
Re1 a3 47. f4 Nd3 48. Rh1 c2+ 49. Ka1 c1=Q+ 50. Rxc1 Nxc1 0-1

[Event "Lansing (Aug)"]
[Site "?"]
[Date "1992.??.??"]
[Round "?"]
[White "Woods, I."]
[Black "Cooper, G."]
[Result "0-1"]
[WhiteElo "1605"]
[BlackElo "1605"]
[PlyCount "78"]
[EventDate "1992.??.??"]

1. c4 Nf6 2. Nc3 e6 3. e4 Nc6 4. Nf3 d5 5. exd5 exd5 6. d4 Bb4 7. a3 Bxc3+ 8.
bxc3 Bg4 9. Be2 Qe7 10. O-O O-O-O 11. Re1 Qd7 12. Bg5 h6 13. Bxf6 gxf6 14. h3
Bf5 15. Ra2 Rdg8 16. Rb2 Bxh3 17. Nh4 dxc4 18. Bxc4 Rg4 19. Qb3 b6 20. g3 Rxh4
21. Bxf7 Nd8 22. Bc4 Qc6 23. Bd5 Qd7 24. c4 c6 25. gxh4 cxd5 26. Kh2 Be6 27.
Rc2 Nc6 28. Rce2 dxc4 29. Qc3 Qd6+ 30. Kg1 Rg8+ 31. Kf1 Nxd4 32. Rd2 Qh2 33.
Rxd4 Bh3+ 34. Ke2 Re8+ 35. Kd1 Rxe1+ 36. Kxe1 Qe5+ 37. Kd1 Bg4+ 38. Rxg4 Qxc3
39. Rg6 Qd3+ 0-1

[Event "Detroit (MI Action/3)"]
[Site "?"]
[Date "1992.??.??"]
[Round "?"]
[White "Woods, I."]
[Black "Bullard, M."]
[Result "1-0"]
[WhiteElo "1605"]
[BlackElo "1605"]
[PlyCount "21"]
[EventDate "1992.??.??"]

1. c4 e5 2. Nc3 Nc6 3. g3 d6 4. Nf3 Bg4 5. Bg2 Qd7 6. Qb3 O-O-O 7. Nb5 a6 8.
Nc3 Nf6 9. d4 exd4 10. Nxd4 Nxd4 11. Qxb7# 1-0